La morada del hombre (notice nᵒ 6650)
[ vue normale ]
| 000 -Sello discográfico | |
|---|---|
| campo de control de longitud fija | 01140nam a2200349 4500 |
| 005 - Identificación de versión | |
| campo de control | 20251016084712.0 |
| 099 ## - fechas locales | |
| Tipo de ítem Koha | LIBRO |
| 100 ## - Datos de procesamiento general | |
| Datos de procesamiento general | 20230718d1976 m y1spay5003 ba |
| 101 ## - Idioma del recurso | |
| Idioma del texto, banda sonora, etc. | Español; Castellano |
| Idioma de la obra original | Inglés |
| 105 ## - Campo de datos codificados: Material textual, monográfico | |
| Datos codificados de monografía | y 001zy |
| 200 1# - Título y mención de responsabilidad | |
| Título propio | La morada del hombre |
| Designación general del material | texto impreso |
| Primer mención de responsabilidad | Barbara Ward |
| Declaración de responsabilidad subsiguiente | introducción Enrique Peñalosa |
| -- | traducción Juan José Utrilla |
| 205 ## - Declaración de edición | |
| Declaración de edición | 1a ed |
| 210 ## - Publicación, distribución, etc. | |
| Lugar de publicación, distribución, etc. | México |
| Nombre del editor, distribuidor, etc. | Fondo de Cultura Económica |
| Fecha de publicación, distribución, etc. | 1976 |
| 215 ## - Descripción física | |
| Designación de material específico y extensión del ítem | 502 p |
| Dimensiones | 17 cm |
| 345 ## - Nota de información de adquisición | |
| Fuente de adquisición/dirección de la suscripción [OBSOLETO] | Donación |
| 410 #1 - Series | |
| Título | Colección Popular |
| Número de volumen | 161 |
| 454 #1 - Traducción de | |
| Título | The Home of Man |
| 606 ## - Término temático usado como materia | |
| Elemento de entrada | Ecología humana |
| Número Koha | 2269 |
| 606 ## - Término temático usado como materia | |
| Elemento de entrada | Política social |
| Número Koha | 12599 |
| 606 ## - Término temático usado como materia | |
| Elemento de entrada | Pronósticos |
| Número Koha | 12600 |
| 660 ## - Código de área geográfica | |
| Código | MX |
| 700 ## - Nombre personal - Responsabilidad primaria | |
| Elemento de entrada | Ward |
| Parte del nombre distinta del elemento de entrada | Barbara Mary |
| Fechas | 1914-1981 |
| Adiciones a los nombres que no sean fechas | Baroness Jackson of Lodsworth |
| Número Koha | 12435 |
| 702 ## - Nombre personal - Responsabilidad secundaria | |
| Elemento de entrada | Peñalosa Londoño |
| Parte del nombre distinta del elemento de entrada | Enrique |
| Fechas | 1954- |
| Número Koha | 12601 |
| 702 ## - Nombre personal - Responsabilidad secundaria | |
| Elemento de entrada | Utrilla |
| Parte del nombre distinta del elemento de entrada | Juan José |
| Fechas | 1932- |
| Número Koha | 2309 |
| 801 #0 - Fuente de origen | |
| País | FR |
| Agencia | cm |
| Reglas de catalogación (convenciones descriptivas) | AFNOR |
| 900 ## - | |
| -- | 1/22210 |
| 900 ## - | |
| -- | 7100417642\080104 |
| 942 ## - ELEMENTOS DE ENTRADA SECUNDARIOS (KOHA) | |
| Tipo de ítem Koha | Livre |
| 996 ## - | |
| -- | MEX |
| -- | 751145101 |
| -- | MMAG |
| -- | 008248 |
| -- | 082.97 C882 V.161 |
| -- | 20230718LIV |
| Estatus retirado | Estado de daño | Estado de pérdida | Fecha de adquisición | Biblioteca de origen | Biblioteca actual | Ubicación en estantería | Código de barras | Precio de reemplazo | Signatura topográfica completa | No para préstamo | Tipo de ítem Koha | Nota pública | Nota no pública |
|---|---|---|---|---|---|---|---|---|---|---|---|---|---|
| 05/08/2025 | Casa México Paris | Casa México Paris | 008248 | 05/08/2025 | 082.97 C882 V.161 | Livre | 20230718LIV | 751145101 |